MARC

LEADER 00000nam0a2200000 4500
001 312844
005 20231102002526.0
035 |a (RuTPU)RU\TPU\book\338214 
090 |a 312844 
100 |a 20151229d1982 m y0rusy50 ca 
101 0 |a rus 
102 |a UA 
105 |a a j 001zy 
200 1 |a Контактные явления в полупроводниках  |e учебное пособие для вузов  |f В. И. Стриха 
210 |a Киев  |c Вища школа  |d 1982 
215 |a 224 с.  |c ил. 
320 |a Библиогр.: с. 221 
320 |a Предм. указ.: с. 222-223 
606 1 |a Полупроводниковые приборы  |2 stltpush  |3 (RuTPU)RU\TPU\subj\50669  |9 69320 
610 1 |a контактные явления 
610 1 |a зонные модели 
610 1 |a гомопереходы 
610 1 |a гетеропереходы 
610 1 |a металл-полупроводник 
610 1 |a выпрямление 
610 1 |a вольт-амперные характеристики 
610 1 |a пробой 
610 1 |a эквивалентные схемы 
610 1 |a омические контакты 
610 1 |a учебные пособия 
675 |a 621.382(075.8)  |v 4 
700 1 |a Стриха  |b В. И.  |g Виталий Илларионович 
801 1 |a RU  |b 63413507  |c 20151229 
801 2 |a RU  |b 63413507  |c 20191125  |g RCR 
942 |c BK